00179 2200085 4500001002100000990001800021990001800039990001800057990001800075INLIS000000000000342 a000404.000812 a000404.000811 a000404.000812 a000404.000811